| 000 | 00693nam a2200229 a 4500 | ||
|---|---|---|---|
| 999 |
_c12054 _d12054 |
||
| 001 | 12054 | ||
| 003 | BD-JhCC | ||
| 005 | 20210309130236.0 | ||
| 008 | 210309b2018 bg a|||| ||a| 000 0 ben d | ||
| 020 | _a9789849323624 | ||
| 035 | _a(BD-JhCC)12054 | ||
| 040 |
_aBD-JhCC _dBD-JhCC |
||
| 041 | _aBengali | ||
| 082 |
_a891.443 _bIMR 2018 |
||
| 100 | _aইমরান,আবদুল্লাহ আল | ||
| 245 |
_aকালচক্র / _cআবদুল্লাহ আল ইমরান। |
||
| 260 |
_aঢাকা: _bঅম্বেষা প্রকাশ; _c২০১৮. |
||
| 300 |
_a200 p. : _bill; _c22 cm. |
||
| 650 | _aBengali Novel | ||
| 942 |
_2ddc _cBK |
||